Gower handbook of project management (Record no. 476136)

MARC details
000 -LEADER
fixed length control field 00827nam a2200265Ia 4500
003 - CONTROL NUMBER IDENTIFIER
control field OSt
005 - DATE AND TIME OF LATEST TRANSACTION
control field 20220925164938.0
008 - FIXED-LENGTH DATA ELEMENTS--GENERAL INFORMATION
fixed length control field 220923b |||||||| |||| 00| 0 eng d
037 ## - SOURCE OF ACQUISITION
Terms of availability General Book
040 ## - CATALOGING SOURCE
Original cataloging agency RTL
Transcribing agency RTL
Language of cataloging eng
041 ## - LANGUAGE CODE
Source of code eng
Language code of text/sound track or separate title eng
100 ## - MAIN ENTRY--PERSONAL NAME
Personal name Turner J Rodney Ed.
9 (RLIN) 231794
245 #0 - TITLE STATEMENT
Title Gower handbook of project management
250 ## - EDITION STATEMENT
Edition statement 3rd
260 ## - PUBLICATION, DISTRIBUTION, ETC.
Place of publication, distribution, etc. Aldershot
Name of publisher, distributor, etc. Gower
Date of publication, distribution, etc. 2000
300 ## - PHYSICAL DESCRIPTION
Extent xxxvi, 847p. Bibliography chapterwise
Dimensions cm.
490 ## - SERIES STATEMENT
Series statement Published previously as Handbook of Project angement
650 ## - SUBJECT ADDED ENTRY--TOPICAL TERM
Topical term or geographic name entry element Top Management
9 (RLIN) 231795
700 ## - ADDED ENTRY--PERSONAL NAME
Personal name Simister Stephen J Ed.
9 (RLIN) 231796
942 ## - ADDED ENTRY ELEMENTS (KOHA)
Classification part X:86g, M7;P0
Koha item type General Books
Source of classification or shelving scheme Colon Classification (CC)
Holdings
Withdrawn status Lost status Damaged status Not for loan Home library Current library Date acquired Total Checkouts Full call number Barcode Date last seen Price effective from Koha item type
        Ratan Tata Library Ratan Tata Library 2022-09-25   X:86g M7;P0 RT1159177 2022-09-25 2022-09-25 General Books
Copyright @ Delhi University Library System